Sonā jharā dina. (Record no. 59214)

MARC details
000 -LEADER
fixed length control field 00508cam a22002171 4500
001 - CONTROL NUMBER
control field sa 64005612
003 - CONTROL NUMBER IDENTIFIER
control field DLC
005 - DATE AND TIME OF LATEST TRANSACTION
control field 20260227112033.0
008 - FIXED-LENGTH DATA ELEMENTS--GENERAL INFORMATION
fixed length control field 890829s1959 bg 000 0abeno
010 ## - LIBRARY OF CONGRESS CONTROL NUMBER
LC control number sa 64005612
035 ## - SYSTEM CONTROL NUMBER
System control number (OCoLC)20276932
040 ## - CATALOGING SOURCE
Original cataloging agency DLC
Transcribing agency WaU
Modifying agency DLC
042 ## - AUTHENTICATION CODE
Authentication code premarc
050 00 - LIBRARY OF CONGRESS CALL NUMBER
Classification number PK1718.I84
Item number S6
100 1# - MAIN ENTRY--PERSONAL NAME
Personal name Islam, Muzharul.
245 10 - TITLE STATEMENT
Title Sonā jharā dina.
260 ## - PUBLICATION, DISTRIBUTION, ETC.
Date of publication, distribution, etc. [1959]
300 ## - PHYSICAL DESCRIPTION
Extent 135 p.
Dimensions 23 cm.
500 ## - GENERAL NOTE
General note In Bengali.
500 ## - GENERAL NOTE
General note Autobiographical.

No items available.

Powered by Koha